L’ouvrier d’aujourd’hui : sur les changements dans la condition et la conscience ourvrière

محفوظ في:
التفاصيل البيبلوغرافية
المؤلف الرئيسي: Andrieux, Andrée
التنسيق: كتاب
اللغة:Undetermined
منشور في: Paris Gonthier 1966
الموضوعات:
الوسوم: إضافة وسم
لا توجد وسوم, كن أول من يضع وسما على هذه التسجيلة!
Thư viện lưu trữ: Trung tâm Học liệu Trường Đại học Cần Thơ
LEADER 00663nam a2200205Ia 4500
001 CTU_89199
008 210402s9999 xx 000 0 und d
082 |a 331.1 
082 |b A573 
100 |a Andrieux, Andrée 
245 0 |a L’ouvrier d’aujourd’hui : 
245 0 |b sur les changements dans la condition et la conscience ourvrière 
245 0 |c [par] Andrée Andrieux [et] Jean Lignon. Préface de Pierre Naville. 
260 |a Paris 
260 |b Gonthier 
260 |c 1966 
650 |a Labor and laboring classes,Labor and laboring classes 
650 |z France 
904 |i Năm 
980 |a Trung tâm Học liệu Trường Đại học Cần Thơ